Nákupné správanie spotrebiteľov na Slovensku vybrané kapitoly
Gespeichert in:
| 1. Verfasser: | |
|---|---|
| Weitere Verfasser: | , , , , |
| Format: | Buch |
| Sprache: | Slowakisch |
| Veröffentlicht: |
Bratislava
Vydavateľstvo UK
2020
|
| Ausgabe: | 1. vydanie |
| Schlagworte: | |
| Tags: |
Keine Tags, Fügen Sie das erste Tag hinzu!
|
MARC
| LEADER | 00000nam a2200000 4500 | ||
|---|---|---|---|
| 001 | 0278333 | ||
| 005 | 20230118125241.8 | ||
| 020 | |a 978-80-223-5070-9 | ||
| 041 | 0 | |a slo | |
| 044 | |a SK | ||
| 245 | 1 | 0 | |a Nákupné správanie spotrebiteľov na Slovensku |b vybrané kapitoly |c František Križan... [et al.] |
| 250 | |a 1. vydanie | ||
| 264 | 1 | |a Bratislava |b Vydavateľstvo UK |c 2020 | |
| 300 | |a 134 s. | ||
| 610 | 2 | 0 | |a spotrebitelia |
| 610 | 2 | 0 | |a správanie spotrebiteľa |
| 610 | 2 | 0 | |a mestá |
| 610 | 2 | 0 | |a vidiek |
| 610 | 2 | 0 | |a nákup |
| 610 | 2 | 0 | |a maloobchod |
| 610 | 2 | 0 | |a vývoj |
| 610 | 2 | 0 | |a globalizácia |
| 610 | 2 | 0 | |a pandémia |
| 610 | 2 | 0 | |a centrá nákupné |
| 610 | 2 | 0 | |a zber dát |
| 610 | 2 | 0 | |a analýzy |
| 610 | 2 | 0 | |a marketing |
| 100 | 1 | |a Križan, František | |
| 700 | 1 | |a Bilková, Kristína | |
| 700 | 1 | |a Hencelová, Petra | |
| 700 | 1 | |a Danielová, Katarína | |
| 700 | 1 | |a Čuláková, Katarína | |
| 700 | 1 | |a Zeman, Milan | |